Engineering mathematics Pt.3 : For third sem B E Classes ( All branches except CSE and ISE VTU syllabus) (Record no. 173121)

MARC details
000 -LEADER
fixed length control field 00503nam a2200157Ia 4500
008 - FIXED-LENGTH DATA ELEMENTS--GENERAL INFORMATION
fixed length control field 231217s9999 xx 000 0 und d
041 ## - LANGUAGE CODE
Language code of text/sound track or separate title English
082 ## - DEWEY DECIMAL CLASSIFICATION NUMBER
Classification number 510.02462 CHA.3
100 ## - MAIN ENTRY--PERSONAL NAME
Personal name Chandrasekharaiah, D S
245 #0 - TITLE STATEMENT
Title Engineering mathematics Pt.3 : For third sem B E Classes ( All branches except CSE and ISE VTU syllabus)
250 ## - EDITION STATEMENT
Edition statement 2nd ed.
260 ## - PUBLICATION, DISTRIBUTION, ETC.
Date of publication, distribution, etc. 2000
Name of publisher, distributor, etc. Prism
Place of publication, distribution, etc. Bangalore
300 ## - PHYSICAL DESCRIPTION
Extent 560
650 ## - SUBJECT ADDED ENTRY--TOPICAL TERM
Topical term or geographic name entry element Engineering,mathematics,Pt.3,:,third,semester,B,E,Classes
942 ## - ADDED ENTRY ELEMENTS (KOHA)
Koha item type Books
Holdings
Date last seen Total checkouts Full call number Accession number Cost, total (INR) price Price effective from Category Public note Lost status Damaged status Department Withdrawn status Home library Current library Shelving location Entry date Vendor Cost, normal purchase price Grants Billdate Currency symbol Conversion rate Discount Old discount
26/01/2024   510.02462 CHA.3 30114 170.00 26/01/2024 Books TC Department     TC   Central Library Central Library TC 28/09/2004 Publisher 170.00 TC 22/01/2007 RS 1    
26/01/2024   510.02462 CHA.3 30655   26/01/2024 Books       Central Library   Central Library Central Library Central Library 27/10/2004 Publisher   TC 12/03/2007 RS 1    

© For any Suggestions or Query, please contact the library staff @ librarian@pes.edu or Phone: +9180 2672 1983/ 2108.